000 00346nam a2200133Ia 4500
005 20260328101518.0
008 260328s9999||||xx |||||||||||||| ||und||
100 _aVerderber, Stephen
245 0 _aInnovation in Hospital Architecture /
_cStephen Verderber
260 _bRoutledge
300 _a373 p.
650 _aARQUITECTURA CIVIL
942 _cBK
999 _c9465
_d9465